Library Banner

The Greenwich guide to stars, galaxies and nebulae (Record no. 76240)

MARC details
000 -LEADER
fixed length control field 00473nam a2200181Ia 4500
001 - CONTROL NUMBER
control field 68662
008 - FIXED-LENGTH DATA ELEMENTS--GENERAL INFORMATION
fixed length control field 150918s9999 xx 000 0 und d
020 ## - INTERNATIONAL STANDARD BOOK NUMBER
International Standard Book Number 0521377773
040 ## - CATALOGING SOURCE
Transcribing agency PK-LaUMT
082 ## - DEWEY DECIMAL CLASSIFICATION NUMBER
Classification number RCC 520
Item number MAL-G
100 ## - MAIN ENTRY--PERSONAL NAME
Personal name Malin, Stuart
245 ## - TITLE STATEMENT
Title The Greenwich guide to stars, galaxies and nebulae
Statement of responsibility, etc Malin, Stuart
260 ## - PUBLICATION, DISTRIBUTION, ETC. (IMPRINT)
Place of publication, distribution, etc Cambridge,USA:
Name of publisher, distributor, etc Cambridge University Press,
Date of publication, distribution, etc 1989
300 ## - PHYSICAL DESCRIPTION
Extent 96 p.
546 ## - LANGUAGE NOTE
Language note EN
650 ## - SUBJECT ADDED ENTRY--TOPICAL TERM
Topical term or geographic name as entry element Astronomy
942 ## - ADDED ENTRY ELEMENTS (KOHA)
Koha item type Books
Holdings
Withdrawn status Lost status Damaged status Not for loan Home library Current library Date acquired Total Checkouts Full call number Barcode Date last seen Date checked out Price effective from Koha item type
        UMT Main Campus UMT Main Campus 2015-09-18 3 RCC 520 MAL-G 93715 2019-03-05 2018-12-27 2015-09-18 Books